000 00425nam a2200145Ia 4500
008 231129s2000||||xx |||||||||||||| ||spa||
020 _a968-6356-49-5
040 _bspa
082 _a611.07 B268s
100 _aBarr Murray L.
245 0 _aEl sistema nervioso humano: Un punto de vista anatómico
260 _c2000
264 _aMéxico : Oxford University Press
942 _2ddc
_cBKS
999 _c12454
_d12454